| 000 | 01080nas a2200265Ia 4500 | ||
|---|---|---|---|
| 001 | R046/67922 | ||
| 003 | IT-RoPAU | ||
| 008 | 151124c99999999xx |||||||||||| ||und|| | ||
| 040 | _aIT-RoPAU | ||
| 040 | _cIT-RoPAU | ||
| 041 | _aITALIANO | ||
| 100 |
_aAA.VV. _gCodice Aut. SPICS: 12000 |
||
| 210 | _aCINESPETTACOLO | ||
| 222 | _aCinespettacolo | ||
| 245 |
_aCINESPETTACOLO, ANNO 36-N.09/10 (SETTEMBRE-OTTOBRE 1981) _bCinespettacolo, Anno 36-N.09/10 (Settembre-Ottobre 1981) |
||
| 250 | _a1a ed. | ||
| 260 |
_aROMA _bCINESPETTACOLO _c1981 |
||
| 501 |
_bPaulus - SPICS - Società San Paolo EM (non-commercial uses only) _cCopyright2015 |
||
| 300 | _a36 p. | ||
| 310 | _aMENSILE | ||
| 362 | _aANNO 036, N.09/10 (SETTEMBRE-OTTOBRE 1981) | ||
| 500 | _aParere degli Operatori Economici Sulle Vendite All'Estero. Italo Zingarelli e la Nuova Legge Sul Cinema. Colloquio con Mario Cecchi Gori. Film Campioni D'Incasso Stagione 1981/1982: Scontro di Titani di Desmond Davis, Il-Turno di Tonino Cervi, Fort Bronx | ||
| 650 |
_aCINEMA _vPUBBLICAZIONE PERIODICA |
||
| 942 | _cCR | ||
| 999 |
_c162070 _d162070 |
||